000
00221nam a22000977a 4500
082
_a
823
_b
PAC/M
100
_a
PACES,S.E
245
_a
MODERN SHORT STORIES
246
_a
MODERN SHORT STORIES
_b
MODERN SHORT STORIES
942
_c
BK
999
_c
8371
_d
8371